00000000nam 2200000zi 4500
0019.946769
003CaOODSP
00520250122140026
006m     o  d f      
007cr gn|||||||||
008250113t20052005oncad   o    f001 0 fre d
020 |z0660970295
040 |aCaOODSP|bfre|erda|cCaOODSP
043 |an-cn---
0861 |aNR24-7/2-2005F-PDF|zNR24-7/2-2005F
24500|aCode national de la plomberie - Canada 2005 / |cpublié par la Commission canadienne des codes du bâtiment et de prévention des incendies, Conseil national de recherches du Canada.
250 |aHuitième édition.
264 1|aOttawa : |bConseil national de recherches du Canada, |c2005.
264 4|c©2005
300 |a1 ressource en ligne (1 volume (pagination multiple)) : |billustrations, graphiques
336 |atexte|btxt|2rdacontent/fre
337 |ainformatique|bc|2rdamedia/fre
338 |aressource en ligne|bcr|2rdacarrier/fre
500 |aTitre de la couverture.
500 |aPublié aussi en anglais sous le titre : National Plumbing Code of Canada 2005.
500 |aÉdition numérisée de l’imprimé [par Conseil national de recherches Canada].
500 |a« Troisième impression. »
500 |a« Comprend les révisions et les errata publiés le 1er décembre 2007 et le 20 juin 2008. »
500 |a« Première édition 1970, deuxième édition 1975, troisième édition 1977, quatrième édition 1980, cinquième édition 1985, sixième édition 1990, septième édition 1995. »
500 |aComprend un index.
520 |a« Le Code national de la plomberie – Canada 2005 (CNP), tout comme le Code national du bâtiment – Canada 2005 et le Code national de prévention des incendies – Canada 2005, est un code modèle national axé sur les objectifs qui peut être adopté par les gouvernements provinciaux et territoriaux. Au Canada, les gouvernements provinciaux et territoriaux ont l’autorité nécessaire pour adopter les lois qui réglementent la conception et la mise en place d’installations de plomberie relevant de leur compétence, notamment le CNP qui peut être adopté sans aucun changement ou avec des modifications destinées à répondre à des besoins locaux. Les provinces et les territoires adoptent aussi d’autres lois et règlements en matière de conception et de mise en place d’installations de plomberie, notamment des exigences relatives à la participation de professionnels dûment qualifiés. Le CNP est un code modèle qui contribue à assurer l’uniformité entre les codes de la plomberie adoptés par les gouvernements provinciaux et territoriaux. Les personnes participant à la conception et à la mise en place d’installations de plomberie devraient consulter le gouvernement provincial ou territorial concerné afin de s’assurer qu’elles utilisent le code de la plomberie approprié. La présente édition remplace l’édition de 1995 du CNP » -- Préface, page v.
650 6|aPlomberie|xDroit|zCanada|vCodes.
650 6|aPlomberie|xNormes|zCanada.
7102 |aCommission canadienne des codes du bâtiment et de prévention des incendies, |eorganisme de publication.
77508|tNational Plumbing Code of Canada 2005 / |w(CaOODSP)9.946744
794 |tCode national de la plomberie - Canada 2010 / |w(CaOODSP)9.946818
795 |tCode national de la plomberie - Canada 1995 / |w(CaOODSP)9.946894
85640|qPDF|s5.26 Mo|uhttps://publications.gc.ca/collections/collection_2025/cnrc-nrc/NR24-7-2-2005-fra.pdf
986 |aCNRC 47668F